Superheated steam drying (Record no. 43856)
[ view plain ]
| 001 - CONTROL NUMBER | |
|---|---|
| control field | 0000 |
| 003 - CONTROL NUMBER IDENTIFIER | |
| control field | 0199331 |
| 005 - DATE AND TIME OF LATEST TRANSACTION | |
| control field | 20251016162326.0 |
| 020 ## - INTERNATIONAL STANDARD BOOK NUMBER | |
| International Standard Book Number | 9781032230276 |
| 040 ## - CATALOGING SOURCE | |
| Description conventions | rda |
| 050 ## - LIBRARY OF CONGRESS CALL NUMBER | |
| Classification number | TP 363 |
| Item number | .B33 2025 |
| 100 ## - MAIN ENTRY--PERSONAL NAME | |
| Relator code | Author |
| Personal name | Bade, Mukund Haribhau |
| 245 ## - TITLE STATEMENT | |
| Title | Superheated steam drying |
| Remainder of title | Technology for improved sustainability and quality / |
| Statement of responsibility, etc | Mukund Haribhau Bade, Sachin Vinayak Jangam, and Arun Sadashiv Mujumdar |
| 264 ## - PUBLICATION, DISTRIBUTION, ETC. (IMPRINT) | |
| Place of publication, distribution, etc | Boca Raton |
| Name of publisher, distributor, etc | CRC Press |
| Date of publication, distribution, etc | 2025 |
| 300 ## - PHYSICAL DESCRIPTION | |
| Extent | xvii,188p.: |
| Other physical details | ill. |
| 336 ## - CONTENT TYPE | |
| Source | rdacontent |
| 338 ## - CARRIER TYPE | |
| Source | rdacarrier |
| 500 ## - GENERAL NOTE | |
| General note | Includes bibliographical references and index |
| 504 ## - BIBLIOGRAPHY, ETC. NOTE | |
| Bibliography, etc | Includes bibliographical references and index |
| 650 ## - SUBJECT ADDED ENTRY--TOPICAL TERM | |
| Source of heading or term | Jangam, Sachin Vinayak, author Mujumdar, Arun S., author Drying |
| 942 ## - ADDED ENTRY ELEMENTS (KOHA) | |
| Source of classification or shelving scheme | Library of Congress Classification |
| Koha item type | Books |
| Withdrawn status | Lost status | Source of classification or shelving scheme | Damaged status | Not for loan | Permanent Location | Current Location | Date acquired | Inventory number | Total Checkouts | Full call number | Date last seen | Price effective from | Koha item type |
|---|---|---|---|---|---|---|---|---|---|---|---|---|---|
| Library of Congress Classification | NILE UNIVERSITY OF NIGERIA - MAIN LIBRARY | NILE UNIVERSITY OF NIGERIA - MAIN LIBRARY | 10/16/2025 | 0199331 | TP 363 .B332025 | 10/16/2025 | 10/16/2025 | Books | |||||
| Library of Congress Classification | NILE UNIVERSITY OF NIGERIA - MAIN LIBRARY | NILE UNIVERSITY OF NIGERIA - MAIN LIBRARY | 10/16/2025 | 0199332 | TP 363 .B332025 | 10/16/2025 | 10/16/2025 | Books |